书目信息 |
| 题名: |
盲点力造就非凡创造力
|
|
| 作者: | 多湖辉, 著 ;陈诚 译 | |
| 分册: | ||
| 出版信息: | 北京 科学出版社 2007.01 |
|
| 页数: | 183页 | |
| 开本: | 21cm | |
| 丛书名: | 打造成功心理系列 | |
| 单 册: | ||
| 中图分类: | B848.4 | |
| 科图分类: | ||
| 主题词: | 成功心理--cheng gong xin li--通俗读物 | |
| 电子资源: | ||
| ISBN: | 978-7-03-018054-4 | |
| 000 | 00953nam 2200253 450 | |
| 001 | 012007390036 | |
| 005 | 20071010155258.21 | |
| 010 | @a978-7-03-018054-4@dCNY19.50 | |
| 100 | @a20070812d2007 km y0chiy0120 ea | |
| 101 | 1 | @achi@cjpn |
| 102 | @aCN@b110000 | |
| 105 | @aa z 000yy | |
| 200 | 1 | @a盲点力造就非凡创造力@Amang dian li zao jiu fei fan chuang zao li@f(日) 多湖辉著@F(ri)duo hu hui zhu@g陈诚译@Gchen cheng yi |
| 210 | @a北京@c科学出版社@d2007.01 | |
| 215 | @a183页@c图@d21cm | |
| 225 | 2 | @a打造成功心理系列@Ada zao cheng gong xin li xi lie |
| 330 | @a本书解释了“盲点力”就是发现自身盲点的能力,就是从与众不同的角度来观察、思考问题的能力,并针对有关“盲点力”的具体问题做出了详细回答。 | |
| 410 | 0 | @12001 @a打造成功心理系列 |
| 606 | 0 | @a成功心理@Acheng gong xin li@j通俗读物 |
| 690 | @aB848.4@v4 | |
| 701 | 0 | @a多湖辉,@Aduo hu hui@f1926- @4著 |
| 702 | 0 | @a陈诚@Achen cheng@4译 |
| 801 | 0 | @aCN@c20071010 |
| 905 | @dB848.4@eD973 | |
| 盲点力造就非凡创造力/(日) 多湖辉著/陈诚译.-北京:科学出版社,2007.01 |
| 183页:图;21cm.-(打造成功心理系列) |
| ISBN 978-7-03-018054-4:CNY19.50 |
| 本书解释了“盲点力”就是发现自身盲点的能力,就是从与众不同的角度来观察、思考问题的能力,并针对有关“盲点力”的具体问题做出了详细回答。 |
| ● |
| 相关链接 |
|
|
|
正题名:盲点力造就非凡创造力
索取号:B848.4/D973
 
预约/预借
| 序号 | 登录号 | 条形码 | 馆藏地/架位号 | 状态 | 备注 |
| 1 | 253462 | 202534622 | 社科库509/509社科库 43排1列6层/ [索取号:B848.4/D973] | 在馆 | |
| 2 | 253463 | 202534631 | 社科库509/509社科库 43排1列6层/ [索取号:B848.4/D973] | 在馆 | |
| 3 | 253464 | 202534640 | 社科库509/509社科库 43排1列6层/ [索取号:B848.4/D973] | 在馆 |